Entry Nombre personal
001 - NÚMERO DE CONTROL
- campo de control: 32605
003 - IDENTIFICADOR DE NÚMERO DE CONTROL
- campo de control: SpMaBN
005 - FECHA Y HORA DE LA ÚLTIMA TRANSACCIÓN
- campo de control: 20230909215539.0
008 - ELEMENTOS DE DATO DE LONGITUD-FIJA
- campo de control de longitud fija: 900725n| aijnnaabn a aac
016 ## - NÚMERO DE CONTROL DE UNA AGENCIA BIBLIOGRÁFICA NACIONAL
- Número de control del registro: BNE19971317686
040 ## - FUENTE DE CATALOGACIÓN
- Centro catalogador/agencia de origen: SpMaBN
- Lengua de catalogación: spa
- Centro/agencia transcriptor: SpMaBN
- Normas de descripción: rdc
- Convención/Normas de encabezamiento de materia/tesauro: embne
046 ## - FECHAS CON CODIFICACIÓN ESPECIAL
- Fecha de nacimiento: 1859
- Fecha de la muerte: 1919
100 1# - ENCABEZAMIENTO-NOMBRE DE PERSONA
- Nombre de persona: Burell, Julio,
- Fechas asociadas al nombre: 1859-1919
373 ## - GRUPO ASOCIADO
- Grupo asociado: Ateneo de Madrid
- Fuente de información: Cargos históricos del Ateneo de Madrid 1835-1936 (Archivo del Ateneo)
375 ## - GÉNERO/SEXO
- Género: Masculino
400 1# - TRAZADO DE VÉASE--NOMBRE DE PERSONA
- Nombre de persona: Burell i Cuéllar, Julio,
- Fechas asociadas al nombre: 1859-1919
400 0# - TRAZADO DE VÉASE--NOMBRE DE PERSONA
- Nombre de persona: Incógnito,
- Fechas asociadas al nombre: 1859-1919
670 ## - FUENTE DE DATOS ENCONTRADOS
- Cita de la fuente: Retorno al Café de Fornos en el sesquicentenario de Julio Burell (1859-2009), 2010
670 ## - FUENTE DE DATOS ENCONTRADOS
- Cita de la fuente: WWW Wikipedia, 11-10-2010
- Información encontrada: (Julio Burell i Cuéllar; n. en Iznájar, 1-2-1859- m. en Madrid, 21-12-1919)
670 ## - FUENTE DE DATOS ENCONTRADOS
- Cita de la fuente: Lontananzas, 1897
- Información encontrada: port. (con un prólogo de "Incógnito")
670 ## - FUENTE DE DATOS ENCONTRADOS
- Cita de la fuente: WWW BN España aut., 09/09/2023
- Información encontrada: (Burell, Julio, 1859-1919)
678 ## - DATOS BIOGRÁFICOS O HISTÓRICOS
- Datos biográficos o históricos: Socio del Ateneo de Madrid. Secretario cuarto de la Sección de Literatura y Bellas Artes en 1876-77. Presidente de la Sección de Literatura en 1910-11
- Ampliación de la nota: Fuente: Cargos históricos del Ateneo de Madrid 1835-1936 (Archivo del Ateneo)
